000 004320000a22001690004500
041 0 _aENG
082 0 4 _aG 266.0092 P776e
100 1 _aPollock, J. C. (John Charles)
245 1 0 _aEarth's remotest end / J. C. Pollock
260 _aNew York, USA : MacMillan
300 _a320 Pag
001 7483
942 _cBK
999 _c37696
_d37696
336 _atexto
_btxt
_2rdacontent
337 _2rdamedia
_asin mediación
_bn
338 _2rdacarrier
_avolumen
_bnc